000 00668nam a2200253Ia 4500
003 OSt
005 20221006143946.0
006 a|||||r|||| 00| 0
007 ta
008 221006b |||||||| |||| 00| 0 eng d
020 _c
_47.50
024 _a10,492
037 _cTextual
040 _aEASL
_cEASL
_beng
041 _2eng
_aeng
082 _aW:5.41.N8, M8
100 _aWU Yuan-li etc.
_9650673
245 0 _aHuman rights in ithe People's Republic of China
260 _aBoulder
_bWestview Press
_c1988
300 _a332p.
_ccm.
490 _v CEL
942 _hW:5.41.N8, M8
_cTEXL
_2CC
999 _c1078578
_d1078578